Statistics for Highest mountains in Greece

Click here to take the quiz!

General Stats

  • This quiz has been taken 91 times
  • The average score is 2 of 10

Answer Stats

Hint Answer % Correct
2917molympus
97%
2637msmolikas
39%
2524mvoras
29%
2456mpsiloritis
26%
2457mparnassus
24%
2497mtymfi
7%
2475mpyrgos
2%
2456mtimios stavros
2%
2453mpakhnes
2%
2427magkathias
2%

Score Distribution

Percentile by Number Answered

Percent of People with Each Score

Your Score History

You have not taken this quiz